[Event "Hoogeveen Amateur 1"]
[Site "Hoogeveen, Netherlands"]
[Date "2018.10.25"]
[Round "6.2"]
[White "Mol, Christiaan"]
[Black "De Winter, Arthur"]
[Result "1-0"]
[WhiteElo "1925"]
[BlackElo "1361"]

1. Nf3 d5 2. d4 Nf6 3. c4 e6 4. Bg5 c6 5. Nc3 dxc4 6. e4 b5 7. e5 h6 8. Bh4 g5
9. Nxg5 hxg5 10. Bxg5 Nbd7 {[%clk 01:25:02]} 11. g3 Bb4 {[%emt 21:19:13]} 12.
exf6 {[%clk 01:22:43]} {[%emt 00:02:29]} Qa5 {[%clk 01:24:08]} {[%emt
00:01:24]} 13. Qd2 {[%clk 01:12:38]} {[%emt 00:10:36]} Bb7 {[%clk 01:23:56]}
{[%emt 00:00:40]} 14. Bg2 {[%clk 01:10:25]} {[%emt 00:02:44]} O-O-O {[%clk
01:23:21]} {[%emt 00:01:04]} 15. O-O {[%clk 01:07:01]} {[%emt 00:03:55]} Qb6
{[%clk 01:19:46]} {[%emt 00:04:06]} 16. a4 {[%clk 00:47:03]} {[%emt 00:20:27]}
a6 {[%clk 01:13:44]} {[%emt 00:06:32]} 17. axb5 {[%clk 00:38:03]} {[%emt
00:09:30]} cxb5 {[%clk 01:12:58]} {[%emt 00:01:16]} 18. Qe3 {[%clk 00:34:36]}
{[%emt 00:03:57]} Bxg2 {[%clk 01:11:17]} {[%emt 00:02:11]} 19. Kxg2 {[%clk
00:35:02]} {[%emt 00:00:04]} Nb8 {[%clk 01:09:20]} {[%emt 00:02:27]} 20. Qf3
{[%clk 00:31:28]} {[%emt 00:04:04]} Qxd4 {[%clk 01:08:41]} {[%emt 00:01:09]} 21.
Be3 {[%clk 00:27:18]} {[%emt 00:04:39]} Qd7 {[%clk 01:07:51]} {[%emt 00:01:20]}
22. Bb6 {[%clk 00:21:20]} {[%emt 00:06:28]} Rdg8 {[%clk 01:00:23]} {[%emt
00:07:57]} 23. Rfd1 {[%clk 00:19:28]} {[%emt 00:02:23]} Qb7 {[%clk 01:00:16]}
{[%emt 00:00:37]} 24. Qxb7+ {[%clk 00:17:19]} {[%emt 00:02:39]} Kxb7 {[%clk
01:00:39]} {[%emt 00:00:07]} 25. Be3 {[%clk 00:17:39]} {[%emt 00:00:11]} Rd8
{[%clk 00:59:57]} {[%emt 00:01:11]} 26. Ne4 {[%clk 00:17:39]} {[%emt 00:00:31]}
Rd7 {[%clk 00:56:13]} {[%emt 00:04:14]} 27. Bc5 {[%clk 00:15:19]} {[%emt
00:02:49]} Rxd1 {[%clk 00:56:33]} {[%emt 00:00:10]} 28. Rxd1 {[%clk 00:15:45]}
{[%emt 00:00:04]} Bxc5 {[%clk 00:56:57]} {[%emt 00:00:07]} 29. Nxc5+ {[%clk
00:16:12]} {[%emt 00:00:04]} Kc6 {[%clk 00:57:19]} {[%emt 00:00:06]} 30. Ne4
{[%clk 00:15:13]} {[%emt 00:01:29]} Rh5 {[%clk 00:56:47]} {[%emt 00:01:02]} 31.
Rd8 {[%clk 00:12:21]} {[%emt 00:03:23]} Nd7 {[%clk 00:55:02]} {[%emt 00:02:14]}
32. Ra8 {[%clk 00:12:03]} {[%emt 00:00:49]} Kb7 {[%clk 00:55:09]} {[%emt
00:00:23]} 33. Re8 {[%clk 00:11:46]} {[%emt 00:00:46]} Re5 {[%clk 00:53:28]}
{[%emt 00:02:11]} 34. Nd6+ {[%clk 00:10:52]} {[%emt 00:01:24]} Kc7 {[%clk
00:53:45]} {[%emt 00:00:13]} 35. Nxf7 {[%clk 00:10:48]} {[%emt 00:00:34]} Re2
{[%clk 00:54:08]} {[%emt 00:00:08]} 36. Re7 {[%clk 00:10:38]} {[%emt 00:00:39]}
Rxb2 {[%clk 00:51:29]} {[%emt 00:03:10]} 37. Ne5 {[%clk 00:10:27]} {[%emt
00:00:41]} c3 {[%clk 00:51:09]} {[%emt 00:00:50]} 38. Rxd7+ {[%clk 00:10:26]}
{[%emt 00:00:31]} Kb6 {[%clk 00:51:30]} {[%emt 00:00:09]} 39. f7 {[%clk
00:10:33]} {[%emt 00:00:23]} c2 {[%clk 00:51:42]} {[%emt 00:00:19]} 40. f8=Q
{[%clk 00:10:48]} {[%emt 00:00:14]} c1=Q {[%clk 00:51:51]} {[%emt 00:00:21]} 41.
Qd8+ {[%clk 00:11:08]} {[%emt 00:00:10]} Kc5 {[%clk 00:51:54]} {[%emt
00:00:27]} 42. Rc7+ {[%clk 00:10:39]} {[%emt 00:00:59]} Kb4 {[%clk 00:52:14]}
{[%emt 00:00:11]} 43. Rxc1 {[%clk 00:10:54]} {[%emt 00:00:15]} Rxf2+ {[%emt
00:00:07]} 44. Kxf2 {[%clk 00:11:07]} {[%emt 00:00:15]} a5 {[%clk 00:53:01]}
{[%emt 00:00:08]} 45. Qd4+ {[%clk 00:11:08]} {[%emt 00:00:28]} Ka3 {[%clk
00:53:20]} {[%emt 00:00:11]} 46. Qc3+ {[%clk 00:11:26]} {[%emt 00:00:12]} 1-0

[Event "Hoogeveen Amateur 1"]
[Site "Hoogeveen, Netherlands"]
[Date "2018.10.25"]
[Round "6.4"]
[White "Hofstra, Tijmen"]
[Black "Weverling, Ferry"]
[Result "1/2-1/2"]
[WhiteElo "1622"]
[BlackElo "1816"]

1. e4 d6 2. Nf3 Nf6 3. Nc3 e5 4. Bc4 Be7 5. d3 c6 6. O-O O-O 7. Bb3 Nbd7 8. Ne2
Nc5 9. Ng3 a5 10. c3 {[%clk 01:30:24]} Qc7 {[%clk 01:25:46]} 11. h3 {[%clk
01:30:24]} Re8 {[%clk 01:25:46]} 12. Bc2 {[%clk 01:30:24]} g6 {[%clk 01:25:46]}
13. Nh2 {[%clk 01:30:24]} Ne6 {[%clk 01:24:26]} {[%emt 19:44:24]} 14. Kh1
{[%clk 01:23:14]} {[%emt 00:01:09]} Kg7 {[%clk 01:22:10]} {[%emt 00:02:46]} 15.
Ng4 {[%clk 01:22:58]} {[%emt 00:00:47]} Nxg4 {[%clk 01:13:33]} {[%emt
00:09:07]} 16. Qxg4 {[%clk 01:23:18]} {[%emt 00:00:10]} Nf4 {[%clk 01:13:45]}
{[%emt 00:00:17]} 17. Qf3 {[%clk 01:23:04]} {[%emt 00:00:45]} Ne6 {[%clk
01:10:48]} {[%emt 00:03:28]} 18. b3 {[%clk 01:22:25]} {[%emt 00:01:08]} Bg5
{[%clk 01:04:50]} {[%emt 00:06:26]} 19. Be3 {[%clk 01:20:26]} {[%emt 00:02:30]}
Qe7 {[%clk 01:03:11]} {[%emt 00:02:10]} 20. Ne2 {[%clk 01:16:40]} {[%emt
00:04:16]} Rf8 {[%clk 01:02:44]} {[%emt 00:00:57]} 21. Qg3 {[%clk 01:16:57]}
{[%emt 00:00:12]} Bh4 {[%clk 00:58:24]} {[%emt 00:04:49]} 22. Qh2 {[%clk
01:17:18]} {[%emt 00:00:10]} Bf6 {[%clk 00:58:27]} {[%emt 00:00:26]} 23. Rad1
{[%clk 01:15:47]} {[%emt 00:02:02]} Kg8 {[%clk 00:51:36]} {[%emt 00:07:20]} 24.
d4 {[%clk 01:15:57]} {[%emt 00:00:21]} Bg7 {[%clk 00:51:24]} {[%emt 00:00:41]}
25. f4 {[%clk 01:15:56]} {[%emt 00:00:33]} exf4 {[%clk 00:45:11]} {[%emt
00:06:43]} 26. Nxf4 {[%clk 01:16:20]} {[%emt 00:00:07]} Ng5 {[%clk 00:45:31]}
{[%emt 00:00:09]} 27. Rde1 {[%clk 01:10:52]} {[%emt 00:05:59]} Nxe4 {[%clk
00:44:11]} {[%emt 00:01:50]} 28. h4 {[%clk 01:11:03]} {[%emt 00:00:18]} d5
{[%clk 00:40:18]} {[%emt 00:04:23]} 29. h5 {[%clk 01:11:21]} {[%emt 00:00:12]}
Bf5 {[%clk 00:38:59]} {[%emt 00:01:49]} 30. hxg6 {[%clk 01:11:01]} {[%emt
00:00:50]} hxg6 {[%emt 00:01:01]} 31. Nh3 {[%emt 00:00:35]} Qd7 {[%clk
00:34:25]} {[%emt 00:03:27]} 32. Bxe4 {[%clk 01:11:03]} {[%emt 00:00:30]} Bxe4
{[%clk 00:34:43]} {[%emt 00:00:11]} 33. Ng5 {[%clk 01:11:28]} {[%emt 00:00:06]}
Rfe8 {[%clk 00:30:07]} {[%emt 00:05:06]} 34. Qh7+ {[%clk 01:11:40]} {[%emt
00:00:19]} Kf8 {[%clk 00:30:31]} {[%emt 00:00:05]} 35. Rxf7+ {[%clk 01:12:06]}
{[%emt 00:00:04]} Qxf7 {[%clk 00:30:56]} {[%emt 00:00:05]} 36. Nxf7 {[%clk
01:12:27]} {[%emt 00:00:10]} Kxf7 {[%clk 00:31:22]} {[%emt 00:00:04]} 37. Rf1+
{[%clk 01:12:51]} {[%emt 00:00:06]} Bf5 {[%clk 00:31:34]} {[%emt 00:00:18]} 38.
Rxf5+ {[%clk 01:13:10]} {[%emt 00:00:10]} gxf5 {[%emt 00:00:05]} 39. Qxf5+
{[%emt 00:00:05]} Kg8 {[%clk 00:29:47]} {[%emt 00:02:07]} 40. Bg5 {[%clk
01:12:45]} {[%emt 00:00:55]} Re1+ {[%clk 00:29:22]} {[%emt 00:00:55]} 41. Kh2
{[%clk 01:13:08]} {[%emt 00:00:07]} Rae8 {[%clk 00:29:43]} {[%emt 00:00:08]} 42.
Qd7 {[%clk 01:12:24]} {[%emt 00:01:16]} R8e6 {[%clk 00:27:22]} {[%emt
00:02:50]} 43. Qxb7 {[%clk 01:11:10]} {[%emt 00:01:44]} Rg6 {[%clk 00:27:46]}
{[%emt 00:00:05]} 44. Qc8+ {[%clk 01:11:35]} {[%emt 00:00:06]} Bf8 {[%clk
00:27:47]} {[%emt 00:00:29]} 45. Qf5 {[%clk 01:11:53]} {[%emt 00:00:12]} Ree6
{[%clk 00:26:27]} {[%emt 00:00:22]} 46. c4 {[%clk 01:08:54]} {[%emt 00:04:57]}
Bd6+ {[%clk 00:26:21]} {[%emt 00:00:35]} 47. Kh3 {[%clk 01:08:13]} {[%emt
00:01:10]} Kg7 {[%clk 00:26:03]} {[%emt 00:00:49]} 48. c5 {[%clk 01:07:23]}
{[%emt 00:01:21]} Bb8 {[%clk 00:23:02]} {[%emt 00:03:30]} 49. a3 {[%clk
01:07:15]} {[%emt 00:00:39]} Bc7 {[%clk 00:17:57]} {[%emt 00:05:35]} 50. Kh4
{[%clk 01:06:20]} {[%emt 00:01:25]} Re4+ {[%clk 00:07:14]} {[%emt 00:11:12]} 51.
Kh5 {[%clk 01:06:06]} {[%emt 00:00:44]} Ree6 {[%clk 00:07:29]} {[%emt
00:00:15]} 52. g4 {[%clk 01:06:13]} {[%emt 00:00:24]} Rh6+ {[%clk 00:07:49]}
{[%emt 00:00:10]} 53. Bxh6+ {[%clk 01:06:36]} {[%emt 00:00:08]} Rxh6+ {[%clk
00:08:14]} {[%emt 00:00:03]} 54. Kg5 {[%clk 01:06:56]} {[%emt 00:00:10]} Bd8+
{[%clk 00:08:42]} {[%emt 00:00:03]} 55. Kf4 {[%clk 01:07:01]} {[%emt 00:00:25]}
Rf6 {[%clk 00:09:11]} {[%emt 00:00:01]} 1/2-1/2

[Event "Hoogeveen Amateur 1"]
[Site "Hoogeveen, Netherlands"]
[Date "2018.10.25"]
[Round "6.5"]
[White "De Jonge, Edwin"]
[Black "Hadderingh, Thale"]
[Result "1/2-1/2"]
[WhiteElo "1792"]
[BlackElo "1761"]

1. d4 c5 2. d5 d6 3. c4 e6 4. Nc3 exd5 5. cxd5 Be7 6. e4 Bf6 7. Nge2 Ne7 8. Bf4
a6 9. a4 b6 10. h3 Ng6 11. Bg3 O-O 12. Nf4 Qe7 13. Bd3 Ne5 14. Be2 g6 15. O-O
Nbd7 16. Rc1 Re8 17. Nd3 Nxd3 18. Bxd3 Ne5 19. Be2 Bb7 20. f4 Nd7 21. Bf3 b5 22.
axb5 Bd4+ 23. Kh1 Bxc3 24. Rxc3 axb5 25. Qd2 Ra4 26. Bf2 Nb6 27. b3 Ra3 28. e5
Rc8 29. Qc1 Rca8 30. exd6 Qf6 31. Qe1 Nxd5 32. Rxc5 Ra1 33. Rc1 Rxc1 34. Qxc1
Qxd6 35. Rd1 Rd8 36. Qd2 Bc6 37. Qa5 Ra8 38. Qd2 Rd8 39. Bh4 f6 40. Qd4 Rd7 41.
Qa1 Qxf4 42. Bxd5+ Rxd5 43. Rxd5 Bxd5 44. Qd1 Qe4 45. Qd2 Qf5 46. Kh2 g5 47.
Bg3 Bxb3 48. Qd8+ Kf7 49. Bd6 Bd5 50. Qf8+ Kg6 51. Qe8+ Bf7 52. Qe3 Qe6 53.
Qd3+ f5 54. g4 Qd5 55. gxf5+ Qxf5 56. Qe2 Be6 57. Qe3 h5 58. Bc7 Qc2+ 59. Kg1
Qc4 60. Bg3 Bxh3 61. Qe8+ Qf7 62. Qxb5 Qe6 63. Qd3+ Bf5 64. Qd2 Be4 65. Qf2 Bd5
66. Qc2+ Qe4 67. Qxe4+ Bxe4 68. Kh2 {[%clk 01:30:57]} Kf5 {[%clk 01:30:51]} 69.
Kg1 {[%clk 00:01:07]} {[%emt 04:36:39]} 1/2-1/2

[Event "Hoogeveen Amateur 1"]
[Site "Hoogeveen, Netherlands"]
[Date "2018.10.25"]
[Round "6.6"]
[White "Schoor, Carl"]
[Black "Jutba, Alvin"]
[Result "1-0"]
[WhiteElo "1773"]
[BlackElo "1910"]

1. e4 d5 2. exd5 Nf6 3. d4 Nxd5 4. Nf3 Bf5 5. c3 e6 6. Bd3 Bxd3 7. Qxd3 c6 8.
O-O Be7 9. c4 Nf6 10. Nc3 Nbd7 11. Be3 Qc7 12. d5 exd5 13. cxd5 O-O 14. Rfd1
cxd5 15. Nxd5 Nxd5 16. Qxd5 Nf6 17. Qf5 Rad8 18. Rdc1 Qb8 19. Qa5 b6 20. Qa4
Nd5 21. Bg5 Bxg5 22. Nxg5 h6 23. Nf3 Nf4 24. Rc6 Rc8 25. g3 Ne6 26. Rac1 Rxc6
27. Qxc6 Rd8 28. b4 b5 29. Rc2 g6 30. Kg2 Kh7 31. h4 Kg8 32. Qe4 Qb6 33. Rc6
Qb7 34. Rxe6 Qd7 35. Re7 Qd6 36. Re8+ Kh7 37. Rxd8 Qxd8 38. Qb7 Kg7 39. Qxa7
Qc8 40. Qc5 Qb7 41. Qd4+ Kh7 42. Qd3 Kg7 43. Kh2 Kg8 44. Ne5 Qa7 45. Qf3 Qxa2
46. Kg2 Kg7 47. Qxf7+ Qxf7 48. Nxf7 Kxf7 49. Kf3 Ke6 50. Ke4 Kd6 51. Kd4 g5 52.
hxg5 hxg5 53. f4 g4 54. f5 Ke7 55. Ke5 Kf7 56. f6 Kf8 57. Kf5 Kf7 58. Kg5 Kf8
59. Kxg4 {[%clk 01:22:52]} Kf7 {[%clk 00:16:06]} {[%emt 22:57:33]} 60. Kf5
{[%clk 00:05:51]} 1-0

[Event "Hoogeveen Amateur 1"]
[Site "Hoogeveen, Netherlands"]
[Date "2018.10.26"]
[Round "7.1"]
[White "Vasse, Albert"]
[Black "Mol, Christiaan"]
[Result "1-0"]
[WhiteElo "1857"]
[BlackElo "1925"]

1. e4 {[%clk 01:30:49]} {[%emt 00:00:10]} c5 {[%clk 01:30:52]} {[%emt
00:00:10]} 2. d4 {[%clk 01:30:43]} {[%emt 00:00:35]} cxd4 {[%clk 01:31:12]}
{[%emt 00:00:11]} 3. c3 {[%clk 01:31:01]} {[%emt 00:00:11]} d3 {[%clk
01:27:55]} {[%emt 00:03:48]} 4. c4 {[%clk 01:30:47]} {[%emt 00:00:43]} Nc6
{[%clk 01:27:09]} {[%emt 00:01:17]} 5. Nc3 {[%clk 01:30:00]} {[%emt 00:01:16]}
d6 {[%clk 01:26:15]} {[%emt 00:01:26]} 6. Be3 {[%clk 01:29:46]} {[%emt
00:00:42]} Nf6 {[%clk 01:25:07]} {[%emt 00:01:39]} 7. Bxd3 {[%clk 01:29:16]}
{[%emt 00:00:59]} g6 {[%clk 01:23:18]} {[%emt 00:02:20]} 8. Rc1 {[%clk
01:29:00]} {[%emt 00:00:45]} Bg7 {[%clk 01:21:37]} {[%emt 00:02:12]} 9. f3
{[%clk 01:28:00]} {[%emt 00:01:29]} O-O {[%clk 01:16:06]} {[%emt 00:06:01]} 10.
Nge2 {[%clk 01:27:34]} {[%emt 00:00:55]} Be6 {[%clk 01:11:18]} {[%emt
00:05:19]} 11. O-O {[%clk 01:25:00]} {[%emt 00:03:03]} Qa5 {[%clk 01:04:07]}
{[%emt 00:07:43]} 12. b3 {[%clk 01:20:04]} {[%emt 00:05:25]} Rfc8 {[%clk
01:02:41]} {[%emt 00:01:56]} 13. Bb1 {[%clk 01:15:38]} {[%emt 00:04:56]} Nd7
{[%clk 00:50:56]} {[%emt 00:12:16]} 14. f4 {[%clk 01:07:59]} {[%emt 00:08:08]}
Bg4 {[%clk 00:46:01]} {[%emt 00:05:26]} 15. h3 {[%clk 01:07:20]} {[%emt
00:01:08]} Bxe2 {[%clk 00:46:25]} {[%emt 00:00:06]} 16. Nxe2 {[%clk 01:07:41]}
{[%emt 00:00:08]} Nf6 {[%clk 00:37:44]} {[%emt 00:09:12]} 17. g4 {[%clk
01:03:42]} {[%emt 00:04:29]} h6 {[%clk 00:28:07]} {[%emt 00:10:08]} 18. Kg2
{[%clk 00:57:07]} {[%emt 00:07:04]} Re8 {[%clk 00:25:47]} {[%emt 00:02:50]} 19.
Ng3 {[%clk 00:49:09]} {[%emt 00:08:27]} Nh7 {[%clk 00:15:11]} {[%emt 00:11:08]}
20. Qd3 {[%clk 00:46:25]} {[%emt 00:03:14]} e5 {[%clk 00:12:22]} {[%emt
00:03:19]} 21. h4 {[%clk 00:43:53]} {[%emt 00:05:37]} Nf6 {[%clk 00:09:47]}
{[%emt 00:01:30]} 22. g5 {[%clk 00:41:40]} {[%emt 00:02:42]} Ng4 {[%clk
00:08:57]} {[%emt 00:01:21]} 23. Bd2 {[%clk 00:40:37]} {[%emt 00:01:32]} Qd8
{[%clk 00:08:26]} {[%emt 00:01:02]} 24. f5 {[%clk 00:37:37]} {[%emt 00:03:29]}
Nd4 {[%clk 00:03:54]} {[%emt 00:05:03]} 25. f6 {[%clk 00:35:43]} {[%emt
00:02:23]} Bf8 {[%clk 00:03:54]} {[%emt 00:00:30]} 26. h5 {[%clk 00:34:45]}
{[%emt 00:01:28]} gxh5 {[%clk 00:03:34]} {[%emt 00:00:51]} 27. Nxh5 {[%emt
00:01:38]} hxg5 {[%emt 00:00:19]} 28. Bxg5 {[%emt 00:00:05]} Bh6 29. Qg3 {[%emt
00:00:10]} 1-0

[Event "Hoogeveen Amateur 1"]
[Site "Hoogeveen, Netherlands"]
[Date "2018.10.26"]
[Round "7.2"]
[White "Stavast, Dick"]
[Black "Ypma, Jord"]
[Result "0-1"]
[WhiteElo "2043"]
[BlackElo "1791"]

1. Nf3 {[%clk 01:30:53]} {[%emt 00:00:02]} Nf6 {[%clk 01:30:45]} {[%emt
00:00:20]} 2. e3 {[%clk 01:30:59]} {[%emt 00:00:24]} d5 {[%clk 01:30:52]}
{[%emt 00:00:22]} 3. c4 {[%clk 01:31:24]} {[%emt 00:00:06]} c6 {[%clk
01:30:57]} {[%emt 00:00:25]} 4. b3 {[%clk 01:30:08]} {[%emt 00:01:46]} Bf5
{[%clk 01:30:38]} {[%emt 00:00:49]} 5. Bb2 {[%clk 01:28:33]} {[%emt 00:02:05]}
e6 {[%clk 01:30:44]} {[%emt 00:00:23]} 6. Be2 {[%clk 01:27:03]} {[%emt
00:02:01]} h6 {[%clk 01:30:02]} {[%emt 00:01:12]} 7. Nc3 {[%clk 01:24:41]}
{[%emt 00:02:53]} Nbd7 {[%clk 01:30:02]} {[%emt 00:00:30]} 8. cxd5 {[%clk
01:23:09]} {[%emt 00:02:01]} exd5 {[%clk 01:30:10]} {[%emt 00:00:22]} 9. d3
{[%clk 01:22:54]} {[%emt 00:00:45]} Be7 {[%clk 01:27:13]} {[%emt 00:03:27]} 10.
O-O {[%clk 01:13:34]} {[%emt 00:09:50]} O-O {[%clk 01:27:06]} {[%emt 00:00:38]}
11. Re1 {[%clk 01:12:33]} {[%emt 00:01:29]} Re8 {[%clk 01:25:26]} {[%emt
00:02:10]} 12. h3 {[%clk 01:10:23]} {[%emt 00:02:41]} Bh7 {[%clk 01:24:36]}
{[%emt 00:01:19]} 13. Qc2 {[%clk 01:07:14]} {[%emt 00:03:40]} c5 {[%clk
01:21:03]} {[%emt 00:04:03]} 14. e4 {[%clk 01:05:31]} {[%emt 00:02:13]} d4
{[%clk 01:17:14]} {[%emt 00:04:20]} 15. Nb1 {[%clk 01:05:54]} {[%emt 00:00:07]}
Rc8 {[%clk 01:15:18]} {[%emt 00:02:25]} 16. Nbd2 {[%clk 01:05:52]} {[%emt
00:00:32]} Nh5 {[%clk 01:14:20]} {[%emt 00:01:29]} 17. a4 {[%clk 01:00:35]}
{[%emt 00:05:47]} b6 {[%clk 01:09:26]} {[%emt 00:05:22]} 18. Bf1 {[%clk
00:54:30]} {[%emt 00:06:35]} Nb8 {[%clk 01:07:04]} {[%emt 00:02:53]} 19. Qd1
{[%clk 00:49:20]} {[%emt 00:05:40]} Nf4 {[%clk 01:02:42]} {[%emt 00:04:52]} 20.
g3 {[%emt 00:00:44]} Ne6 {[%clk 01:00:13]} {[%emt 00:02:58]} 21. Nh2 {[%clk
00:47:21]} {[%emt 00:02:16]} g5 {[%clk 00:56:53]} {[%emt 00:03:49]} 22. Be2
{[%clk 00:44:48]} {[%emt 00:03:04]} Nc6 {[%clk 00:55:18]} {[%emt 00:02:05]} 23.
Nc4 {[%clk 00:41:01]} {[%emt 00:04:17]} a6 {[%clk 00:45:58]} {[%emt 00:09:51]}
24. a5 {[%clk 00:39:57]} {[%emt 00:01:34]} b5 {[%clk 00:45:55]} {[%emt
00:00:32]} 25. Nb6 {[%emt 00:00:25]} Rb8 {[%clk 00:45:31]} {[%emt 00:00:53]} 26.
Nd5 {[%clk 00:39:36]} {[%emt 00:00:58]} Nc7 {[%clk 00:42:51]} {[%emt 00:03:10]}
27. Nxc7 {[%clk 00:37:02]} {[%emt 00:03:04]} Qxc7 {[%clk 00:43:08]} {[%emt
00:00:11]} 28. Ng4 {[%clk 00:35:01]} {[%emt 00:02:31]} Kg7 {[%clk 00:40:57]}
{[%emt 00:02:41]} 29. Ne3 {[%clk 00:29:14]} {[%emt 00:06:18]} Nb4 {[%clk
00:38:20]} {[%emt 00:03:06]} 30. Bg4 {[%emt 00:01:07]} Bd6 {[%emt 00:01:19]} 31.
Kg2 {[%clk 00:24:54]} {[%emt 00:02:25]} f6 {[%clk 00:28:15]} {[%emt 00:10:36]}
32. Nf5+ {[%clk 00:25:15]} {[%emt 00:00:09]} Bxf5 {[%clk 00:28:27]} {[%emt
00:00:16]} 33. Bxf5 {[%clk 00:25:37]} {[%emt 00:00:09]} Qf7 {[%clk 00:28:08]}
{[%emt 00:00:48]} 34. Bg4 {[%clk 00:22:04]} {[%emt 00:04:04]} Rf8 {[%emt
00:05:08]} 35. Bh5 {[%clk 00:15:13]} {[%emt 00:04:40]} Qb7 {[%clk 00:25:50]}
{[%emt 00:00:50]} 36. h4 {[%clk 00:12:03]} {[%emt 00:03:41]} Nc6 {[%clk
00:19:50]} {[%emt 00:06:31]} 37. Bc1 {[%clk 00:11:28]} {[%emt 00:01:05]} Ne5
{[%clk 00:14:19]} {[%emt 00:06:00]} 38. f4 {[%clk 00:08:38]} {[%emt 00:03:20]}
gxf4 {[%clk 00:12:37]} {[%emt 00:02:12]} 39. gxf4 {[%clk 00:08:40]} {[%emt
00:00:27]} Nf7 {[%clk 00:12:32]} {[%emt 00:00:35]} 40. f5 {[%clk 00:01:57]}
{[%emt 00:07:12]} Rg8 {[%clk 00:10:51]} {[%emt 00:02:11]} 41. Bg6 {[%clk
00:29:07]} {[%emt 00:03:21]} Rh8 {[%clk 00:36:03]} {[%emt 00:05:18]} 42. Rg1
{[%clk 00:26:29]} {[%emt 00:03:06]} Rbg8 {[%clk 00:32:07]} {[%emt 00:04:28]} 43.
Kf1 {[%clk 00:20:55]} {[%emt 00:06:04]} Kf8 {[%clk 00:30:01]} {[%emt 00:02:36]}
44. Ra2 {[%clk 00:15:24]} {[%emt 00:06:01]} h5 {[%clk 00:21:18]} {[%emt
00:09:13]} 45. Rag2 {[%clk 00:14:41]} {[%emt 00:01:12]} Ne5 {[%clk 00:20:33]}
{[%emt 00:01:16]} 46. Bxh5 {[%clk 00:14:25]} {[%emt 00:00:45]} Rxg2 {[%clk
00:20:26]} {[%emt 00:00:38]} 47. Rxg2 {[%clk 00:14:54]} {[%emt 00:00:01]} Qh7
{[%clk 00:20:30]} {[%emt 00:00:26]} 48. Be2 {[%clk 00:12:43]} {[%emt 00:02:41]}
Qxh4 {[%clk 00:20:47]} {[%emt 00:00:12]} 49. Qe1 {[%clk 00:11:05]} {[%emt
00:02:09]} Qh1+ {[%clk 00:19:55]} {[%emt 00:01:22]} 50. Kf2 {[%clk 00:11:21]}
{[%emt 00:00:14]} Nxd3+ {[%clk 00:17:45]} {[%emt 00:02:40]} 51. Bxd3 {[%clk
00:11:03]} {[%emt 00:00:47]} Bg3+ {[%clk 00:17:52]} {[%emt 00:00:23]} 0-1

[Event "Hoogeveen Amateur 1"]
[Site "Hoogeveen, Netherlands"]
[Date "2018.10.26"]
[Round "7.3"]
[White "Weverling, Ferry"]
[Black "De Jonge, Edwin"]
[Result "1-0"]
[WhiteElo "1816"]
[BlackElo "1792"]

1. d4 {[%clk 01:30:44]} {[%emt 00:00:15]} d5 {[%clk 01:30:43]} {[%emt
00:00:16]} 2. c4 {[%clk 01:31:00]} {[%emt 00:00:16]} e6 {[%clk 01:31:02]}
{[%emt 00:00:10]} 3. Nc3 {[%clk 01:30:52]} {[%emt 00:00:39]} c6 {[%clk
01:31:10]} {[%emt 00:00:21]} 4. e4 {[%clk 01:31:09]} {[%emt 00:00:14]} dxe4
{[%clk 01:30:12]} {[%emt 00:01:28]} 5. Nxe4 {[%clk 01:31:20]} {[%emt 00:00:19]}
Bb4+ {[%clk 01:29:16]} {[%emt 00:01:26]} 6. Bd2 {[%clk 01:31:30]} {[%emt
00:00:20]} Be7 {[%clk 01:29:35]} {[%emt 00:00:12]} 7. Nf3 {[%clk 01:31:14]}
{[%emt 00:00:45]} Nf6 {[%clk 01:29:43]} {[%emt 00:00:22]} 8. Bd3 {[%clk
01:30:50]} {[%emt 00:00:54]} Nbd7 {[%clk 01:29:44]} {[%emt 00:00:28]} 9. Bc3
{[%clk 01:29:19]} {[%emt 00:02:01]} Nxe4 {[%clk 01:29:18]} {[%emt 00:00:57]} 10.
Bxe4 {[%clk 01:29:21]} {[%emt 00:00:27]} Nf6 {[%clk 01:29:25]} {[%emt
00:00:23]} 11. Bd3 {[%clk 01:28:31]} {[%emt 00:01:19]} c5 {[%clk 01:28:46]}
{[%emt 00:01:11]} 12. O-O {[%clk 01:28:10]} {[%emt 00:00:51]} O-O {[%clk
01:27:26]} {[%emt 00:01:50]} 13. Qe2 {[%clk 01:27:16]} {[%emt 00:01:23]} Bd7
{[%clk 01:22:43]} {[%emt 00:05:13]} 14. Rfd1 {[%clk 01:27:15]} {[%emt
00:00:30]} Qc7 {[%clk 01:18:55]} {[%emt 00:04:19]} 15. dxc5 {[%clk 01:25:54]}
{[%emt 00:01:51]} Rfd8 {[%clk 01:15:39]} {[%emt 00:03:46]} 16. b4 {[%clk
01:25:40]} {[%emt 00:00:44]} a5 {[%clk 01:06:36]} {[%emt 00:09:34]} 17. a3
{[%clk 01:25:53]} {[%emt 00:00:17]} Ba4 {[%clk 01:03:45]} {[%emt 00:03:20]} 18.
Re1 {[%clk 01:23:31]} {[%emt 00:02:52]} Rac8 {[%clk 00:34:28]} {[%emt
00:29:47]} 19. Rab1 {[%clk 01:16:19]} {[%emt 00:07:40]} Qd7 {[%clk 00:31:25]}
{[%emt 00:03:34]} 20. Ne5 {[%clk 01:16:32]} {[%emt 00:00:18]} Qe8 {[%clk
00:31:53]} {[%emt 00:00:02]} 21. Qf3 {[%clk 01:00:31]} {[%emt 00:16:30]} Nd7
{[%clk 00:25:41]} {[%emt 00:06:43]} 22. Ng4 {[%clk 00:42:08]} {[%emt 00:18:53]}
f5 {[%clk 00:21:59]} {[%emt 00:04:12]} 23. Qh3 {[%clk 00:42:01]} {[%emt
00:00:37]} Nf8 {[%clk 00:17:57]} {[%emt 00:04:32]} 24. Ne5 {[%clk 00:40:15]}
{[%emt 00:02:16]} Ng6 {[%clk 00:09:06]} {[%emt 00:09:20]} 25. Nxg6 {[%clk
00:39:34]} {[%emt 00:01:12]} Qxg6 {[%clk 00:09:35]} {[%emt 00:00:01]} 26. Bxf5
{[%clk 00:39:32]} {[%emt 00:00:32]} 1-0